INTERACTIVE COMPUTER GRAPHICS (Record no. 216610)

MARC details
000 -LEADER
fixed length control field 00566nam a22001937a 4500
008 - FIXED-LENGTH DATA ELEMENTS--GENERAL INFORMATION
fixed length control field 260224b |||||||| |||| 00| 0 eng d
020 ## - INTERNATIONAL STANDARD BOOK NUMBER
International Standard Book Number 978-1-2920-1934-5
050 ## - LIBRARY OF CONGRESS CALL NUMBER
Classification number T 385 A54 2015
Item number 1
100 ## - MAIN ENTRY--PERSONAL NAME
Personal name ENGEL, EDWARD
245 ## - TITLE STATEMENT
Title INTERACTIVE COMPUTER GRAPHICS
250 ## - EDITION STATEMENT
Edition statement SEVENTH EDITION
260 ## - PUBLICATION, DISTRIBUTION, ETC.
Place of publication, distribution, etc. EDINBURGH GATE
Name of publisher, distributor, etc. PEARSON EDUCATION LIMITED
Date of publication, distribution, etc. 2015
300 ## - PHYSICAL DESCRIPTION
Extent SAMPLING AND ALIASING,SUBJECT INDEX AND WEBGL INDEX
500 ## - GENERAL NOTE
General note 732P
650 ## - SUBJECT ADDED ENTRY
Topical term or geographic name entry element INACTIVE COMPUTER GRAPHICS
700 ## - ADDED ENTRY--PERSONAL NAME
Personal name ANGEL ,EDWARD
942 ## - ADDED ENTRY ELEMENTS (KOHA)
Source of classification or shelving scheme Library of Congress Classification
Koha item type Long Loan Book
Holdings
Withdrawn status Lost status Source of classification or shelving scheme Damaged status Not for loan Collection Home library Current library Shelving location Date acquired Inventory number Total checkouts Full call number Barcode Date last seen Copy number Price effective from Koha item type
    Library of Congress Classification     Arts & Social Sciences Kisii University Library Kisii University Library On Display 02/24/2026 111855   T 385 A54 2015 A000398 02/24/2026 C.1 02/24/2026 Long Loan Book
    Library of Congress Classification     Arts & Social Sciences Kisii University Library Kisii University Library On Display 02/24/2026 111856   T 385 A54 2015 A000400 02/24/2026 C.2 02/24/2026 Long Loan Book
    Library of Congress Classification     Arts & Social Sciences Kisii University Library Kisii University Library On Display 02/24/2026 111857   T 385 A54 2015 A000397 02/24/2026 C.3 02/24/2026 Long Loan Book